| 000 | 00522nam a2200181Ia 4500 | ||
|---|---|---|---|
| 999 |
_c14300 _d14300 |
||
| 003 | OSt | ||
| 005 | 20201028110544.0 | ||
| 008 | 190216s9999||||xx |||||||||||||| ||und|| | ||
| 020 | _a8179922200 | ||
| 040 | _coclc | ||
| 082 |
_a891.73 _bCHE/R |
||
| 100 |
_aChekhov, Anton _95230 |
||
| 245 | 0 |
_a5 Russian Masters / _cAnton Chekhov |
|
| 260 |
_bJaico Publishing House, _c2003. _amumbai: |
||
| 300 | _a318p | ||
| 650 | _aEnglish Language Variitions | ||
| 942 |
_cBK _2ddc _h891.73 _iCHE/R _k891.73 _mCHE/R |
||